000 00338nam a2200133Ia 4500
008 151001s9999||||xx |||||||||||||| ||und||
100 _aअभय परांजपे
245 _aचित्रगाथा
250 _a1
260 _bमी प्रकाशन
260 _c2004
300 _a159
365 _b21
999 _c984539
_d984536